000 00661nam a2200277Ia 4500
005 20260324123037.0
008 008 260324s9999 xx 000 0 eng d
020 _a9780429102370
037 _aEBOOK
040 _aCRL
040 _beng
040 _cCRL
041 _2eng
041 _aeng
084 _qCRL
100 _aHameen Markar; Geraldine O'Sullivan
_91168805
245 0 _aMedical Management: A Practical Guide
260 _bTaylor and Francis
260 _c2012
365 _a
365 _b310
856 _uhttp://www.taylorfrancis.com/books/9780429102370
942 _cEBOOK
999 _c1761981
_d1761981